000 01115nam0a22003011 4500
001 rc\4919111
005 20250613041052.0
021 _aRU
_b[69-5681]
035 _a(NLR Aleph) 008940049
090 _a8939981
_c8939981
100 _a20130426d1968 |||y0rusy50 ca
101 0 _arus
_afre
102 _aRU
105 _aab j |||||
200 1 _aУчебник французского языка
_eДля IV класса школ с преподаванием ряда предметов на иностр. яз.
205 _a7-е изд.
210 _aМосква
_cПросвещение
_d1968
215 _a223 с.
_cил., карт.
_d22
300 _aНа пер. и корешке загл.: Manuel de français
516 0 _aManuel de français
606 _aФранцузский язык
_jУчебники и пособия
_2psbo
700 1 _aФедотова
_bН.Н.
_gНина Николаевна
701 1 _aМаркова
_bС.А.
_gСофья Александровна
801 0 _aRU
_bNLR
_gpsbo
801 1 _aRU
_bELAR
_2rusmarc
852 _aNLR
_j69-5/1115
942 _cBOOK
980 _aNB